AH International Schools' Libraries

(Khmer) there's always a new day: (Record no. 48210)

MARC details
000 -LEADER
fixed length control field 00271nam a2200097 4500
020 ## - INTERNATIONAL STANDARD BOOK NUMBER
International Standard Book Number 9789924551249
245 ## - TITLE STATEMENT
Title (Khmer) there's always a new day:
Remainder of title part 1 /
Statement of responsibility, etc Thon Thavry.
260 ## - PUBLICATION, DISTRIBUTION, ETC. (IMPRINT)
Place of publication, distribution, etc Cambodia:
Name of publisher, distributor, etc Seaphovjivet;
Date of publication, distribution, etc 2022.
300 ## - PHYSICAL DESCRIPTION
Extent 250 p.
Dimensions 18 cm.
942 ## - ADDED ENTRY ELEMENTS (KOHA)
Source of classification or shelving scheme
Koha item type YA KHMER FIC BOOKS
Holdings
Withdrawn status Lost status Source of classification or shelving scheme Damaged status Not for loan Collection code Home library Current library Shelving location Date acquired Total Checkouts Full call number Barcode Checked out Date last seen Date checked out Price effective from Koha item type
          Siem Riep Asian Hope Secondary Library Asian Hope Secondary Library SECONDARY 01/21/2025 5 KHMER YA FIC THO BK.1 207487 06/14/2026 03/16/2026 03/16/2026 01/21/2025 YA KHMER FIC BOOKS

For any Logos Library related questions please contact Miss Art at swongnarasuk@asianhope.org.

For any Asian Hope Library related questions please contact Miss Raza at graza@asianhope.org.

Powered by Koha